000 01173cam a2200361 a 4500
001 5545
003 FISKH
005 20250805084403.0
008 930802s1994 nyu j 000 1 eng
010 _a 93031277
020 _a04659400595
020 _a0060233370 (lib. bdg.)
040 _aDLC
_cDLC
_beng
050 _aPZ7.C8615
082 _a813.54
100 1 _aCreech, Sharon.
245 1 0 _aWalk two moons /
_cby Sharon Creech.
250 _aFirst Harper Trophy edition, 1996
260 _aNew York :
_bHarperCollins,
_c1994.
300 _a280 pages :
_b20 cm
505 _aR
520 _aAfter her mother leaves home suddenly, thirteen-year-old Sal and her grandparents take a car trip retracing her mother's route. Along the way, Sal recounts the story of her friend Phoebe, whose mother also left.
521 8 _a770
_bLexile
521 8 _aR
_bRaz-Plus
650 1 _aDeath
_xFiction.
650 1 _aGrandparents
_xFiction.
650 1 _aFamily life
_xFiction.
650 1 _aFriendship
_xFiction.
651 0 _aIdaho
_xJuvenile fiction.
906 _a7
_bcbc
_corignew
_d1
_eocip
_f19
_gy-gencatlg
942 _2ddc
_cBK
_n0
999 _c5545
_d5545